Name The Medical Problem or Procedure - Statistics

General Stats
  • This quiz has been taken 156 times
  • The average score is 3 of 14
Answer Stats
Hint Answer % Correct
A blood clot in the lung that has moved from somewhere else in the body Pulmonary Embolism
78%
Removal of the gallbladder Cholecystectomy
52%
Inflammation of the fibrous sack surrounding the heart Pericarditis
48%
Quivering or irregular heartbeat Atrial Fibrillation
34%
Removal of the glands or tumors in the glands behind your thyroid Parathyroidectomy
32%
Inflammation of the membranes surrounding your brain and spinal cord, caused by a bacterial infection Bacterial Meningitis
28%
Symptoms due to elevated androgens in females Polycystic Ovarian Syndrome
18%
The stomach is separated into two pouches, and the small intestine is connected to both Gastric Bypass Surgery
14%
Removing two lobes of the lung Bilobectomy
9%
Removal of a small renal tumor while preserving the remaining kidney Partial Nephrectomy
8%
Abnormal accumulation of mucin, causing distention of the appendix Appendiceal Mucocele
2%
Technique that allows passage through the nose to operate on areas of the brain and the top of the spine Endonasal Endoscopy
2%
Inability of the liver to perform its normal functions; also known as liver failure Hepatic Insufficiency
2%
Surgery to stop blood from flowing the wrong way through a passage in your heart Mitral Valve Replacement
2%
No matching quizzes found
Score Distribution
Percent of People with Each Score
Percentile by Number Answered
Your Score History
You have not taken this quiz